| 000 | 00387nam a22001577a 4500 | ||
|---|---|---|---|
| 005 | 20180417114837.0 | ||
| 008 | 160623b xxu||||| |||| 00| 0 eng d | ||
| 041 | _aeng | ||
| 082 |
_b9059 _a346.07 |
||
| 100 |
_aKuchhal, M.C. _9256 |
||
| 245 | _aMercantile Law | ||
| 260 |
_aNew Delhi _bVikas Publishing House (P) Ltd. _c2008 |
||
| 300 | _a648 | ||
| 650 |
_aManagement _9241 |
||
| 942 | _cBK | ||
| 999 |
_c3613 _d3612 |
||